[Event "Llinars del Valles op-B 13th"]
[Site "Llinars del Valles"]
[Date "2019.05.18"]
[Round "5"]
[White "Guerrero Prieto, Arnau"]
[Black "Granell Jurado, Ferran"]
[Result "1/2-1/2"]
[WhiteElo "1546"]
[BlackElo "1404"]
[PlyCount "87"]
[EventDate "2019.03.30"]
[EventType "swiss"]
[EventRounds "8"]
[EventCountry "ESP"]
[SourceTitle "EXT 2020"]
[Source "ChessBase"]
[SourceDate "2019.10.17"]
[SourceVersion "1"]
[SourceVersionDate "2019.10.17"]
[SourceQuality "1"]

1. e4 e6 2. d4 d5 3. exd5 exd5 4. Nf3 Bg4 5. Be2 Bd6 6. 0-0 Ne7 7. Nc3 0-0 8. Nb5 Nbc6 9. Nxd6 Qxd6 10. c3 Ng6 11. Ne1 Bxe2 12. Qxe2 Rfe8 13. Qf3 Re4 14. Nd3 b6 15. Bd2 Rae8 16. Rfe1 Na5 17. b3 c5 18. dxc5 bxc5 19. c4 Nc6 20. cxd5 Qxd5 21. Rxe4 Rxe4 22. Nxc5 Rd4 23. Qxd5 Rxd5 24. Be3 Nb4 25. Na4 Rd7 26. Bc5 Nc2 27. Rc1 Ne5 28. h3 Rd2 29. Bxa7 g6 30. Rb1 Nb4 31. a3 Nc2 32. Bc5 Nd3 33. Be7 Rxf2 34. Rd1 Re2 35. Rxd3 Rxe7 36. b4 Ra7 37. Nc5 Nxa3 38. Rb3 Nb5 39. Kf2 g5 40. Ke3 f5 41. g3 Re7+ 42. Kf2 Kf7 43. Rf3 Kg6 44. g4 1/2-1/2

[Event "Llinars del Valles op-B 13th"]
[Site "Llinars del Valles"]
[Date "2019.04.27"]
[Round "3"]
[White "Guerrero Prieto, Arnau"]
[Black "Beltran Vidal, Daniel"]
[Result "0-1"]
[WhiteElo "1546"]
[BlackElo "1652"]
[PlyCount "118"]
[EventDate "2019.03.30"]
[EventType "swiss"]
[EventRounds "8"]
[EventCountry "ESP"]
[SourceTitle "EXT 2020"]
[Source "ChessBase"]
[SourceDate "2019.10.17"]
[SourceVersion "1"]
[SourceVersionDate "2019.10.17"]
[SourceQuality "1"]

1. e4 e5 2. Nf3 Nf6 3. Nxe5 d6 4. Nf3 Nxe4 5. g3 Nc6 6. d3 Nf6 7. Bg2 Qe7+ 8. Qe2 Qxe2+ 9. Kxe2 Bd7 10. Re1 h6 11. Kf1+ Be7 12. Bd2 0-0-0 13. Nc3 Rhe8 14. Nb5 Kb8 15. Nbd4 Nxd4 16. Nxd4 Ng4 17. Kg1 Bf6 18. Ne2 g5 19. Bc3 Bxc3 20. Nxc3 f5 21. a4 Ne5 22. Nd5 Rf8 23. b4 c6 24. Nc3 f4 25. Ne4 Bf5 26. Nxd6 Nxd3 27. Re7 Rxd6 28. cxd3 Rxd3 29. b5 f3 30. Bf1 Rc3 31. Rd1 cxb5 32. Bxb5 a6 33. Bf1 Rfc8 34. Re5 R8c5 35. Red5 Kc7 36. R5d4 Rc1 37. h3 Rxd1 38. Rxd1 Bd7 39. Ra1 Ra5 40. Ra3 Bc6 41. Re3 Kd6 42. g4 Rxa4 43. Rd3+ Kc5 44. Rc3+ Kb4 45. Rc4+ Kb3 46. Rc1 Kb2 47. Re1 Rd4 48. Kh2 a5 49. Re5 a4 50. Rc5 a3 51. Bc4 a2 52. Bxa2 Kxa2 53. Kg3 Ba4 54. h4 b5 55. hxg5 hxg5 56. Rxg5 b4 57. Re5 b3 58. Kxf3 b2 59. Re2 Bd1 0-1

[Event "Llinars del Valles op-B 12th"]
[Site "Llinars del Valles"]
[Date "2018.04.28"]
[Round "3.20"]
[White "Guerrero Prieto, Arnau"]
[Black "Municio Soto, Aaron"]
[Result "1-0"]
[WhiteElo "1560"]
[BlackElo "1226"]
[PlyCount "59"]
[EventDate "2018.04.14"]
[EventType "swiss"]
[EventRounds "8"]
[EventCountry "ESP"]
[SourceTitle "CBM 184 Extra"]
[Source "ChessBase"]
[SourceDate "2018.06.28"]
[SourceVersion "1"]
[SourceVersionDate "2018.06.28"]
[SourceQuality "1"]

1. e4 c5 2. Nf3 e6 3. d4 Nf6 4. Nc3 a6 5. Be3 cxd4 6. Nxd4 Bb4 7. Nde2 Nxe4 8. Qd4 Bxc3+ 9. Nxc3 Nxc3 10. Qxg7 Rf8 11. Bh6 Qe7 12. Qxf8+ Qxf8 13. Bxf8 Nxa2 14. Ba3 Nc6 15. Rxa2 Nd4 16. Bd3 h6 17. 0-0 f5 18. Bc5 Nc6 19. Ra4 b5 20. Rh4 Rb8 21. Rxh6 b4 22. Be2 Kf7 23. Rh3 a5 24. Ra1 d5 25. Bd6 Rb6 26. Bc7 Rb7 27. Bxa5 Ra7 28. Rh7+ Kf6 29. Rxa7 Nxa7 30. Bd8+ 1-0